<?xml version="1.0" encoding="UTF-8"?>
<marc:record xmlns:marc="http://www.loc.gov/MARC21/slim">
   <marc:leader>00000nam a2200000 a 4500</marc:leader>
   <marc:datafield ind1="1" ind2=" " tag="100">
      <marc:subfield code="a">Hendrik, Till</marc:subfield>
      <marc:subfield code="4">aut</marc:subfield>
      <marc:subfield code="e">Verfasser/-in</marc:subfield>
   </marc:datafield>
   <marc:datafield ind1="0" ind2="0" tag="245">
      <marc:subfield code="a">Minimusiker, Lieder für dich 2</marc:subfield>
   </marc:datafield>
   <marc:datafield ind1="0" ind2="0" tag="245">
      <marc:subfield code="b">Tonie-Musik ab 4 Jahren</marc:subfield>
   </marc:datafield>
   <marc:datafield ind1="0" ind2="0" tag="245">
      <marc:subfield code="c">Till Hendrik</marc:subfield>
   </marc:datafield>
   <marc:datafield ind1=" " ind2="1" tag="264">
      <marc:subfield code="a">Münster</marc:subfield>
      <marc:subfield code="b">Hör Hin GmbH</marc:subfield>
      <marc:subfield code="c">2021</marc:subfield>
   </marc:datafield>
   <marc:datafield ind1="1" ind2=" " tag="520">
      <marc:subfield code="a">Bumm. Tschak. Rassel. Kling. &#x96; Na, was klingt denn da? Die Minimusiker sind wieder da. Mit ihrem zweiten Album &#x84;Lieder für dich 2&#x93; tauchst du ein in die musikalische Welt von Kindern im Kindergarten- und Schulalter. Im gewohnten Minimusiker-Stil erzählen wir dir kleine Geschichten, die dich mitnehmen und den Blick auf alltägliche Situationen, Träume und Gefühle lenken. Was kannst du erreichen, wenn du all deinen Mut zusammennimmst, warum hast du gleich mehrere Lieblingsfarben und wieso wollen Mama &amp; Papa eigentlich nicht, dass man zum Abendbrot ausschließlich Süßigkeiten isst?? Mit frischen Texten, die auch manche Große zum Mitsingen anregen, sorgen die Minimusiker definitiv für einen Ohrwurm nach dem anderen. 1. KOMM, WIR MACHEN JETZT MUSIK 2. FLIEGEN 3. HALLO, WER BIST DU DENN? 4. WENN ICH DU WÄR 5. WIRRE GEDANKEN 6. TU DOCH NICHT SO 7. KOMM, WIR GEH&#x91;N INS SCHWIMMBAAAD 8. NUR MUT 9. ICH WAR DAS NICHT 10. HIER SPIELT DIE MUSIK 11. GRÜN, GELB, ROT UND BLAU 12. DAS HIER GEHT AN DICH 13. KONFETTI &amp; TROMPETEN 14. DU BIST FÜR MICH 15. ICH ESS DAS NICHT 16. IST SCHON ERLEDIGT 17. UNSERE ZEIT 18. WENN DU BEI MIR BIST</marc:subfield>
   </marc:datafield>
   <marc:datafield ind1=" " ind2=" " tag="020">
      <marc:subfield code="a">4251192122001</marc:subfield>
      <marc:subfield code="9">4251192122001</marc:subfield>
   </marc:datafield>
   <marc:datafield ind1="0" ind2=" " tag="490">
      <marc:subfield code="v">0</marc:subfield>
   </marc:datafield>
   <marc:datafield ind1=" " ind2=" " tag="300">
      <marc:subfield code="a">ca. 50 Minuten</marc:subfield>
   </marc:datafield>
</marc:record>
